| 000 | 00669nam a22001937a 4500 | ||
|---|---|---|---|
| 005 | 20130816112645.0 | ||
| 010 | _aENG-107860 | ||
| 020 |
_a9789380831503 _c198.00 |
||
| 035 | _aEN-91393 | ||
| 037 | _bDBAD/PUB | ||
| 082 | _a581 | ||
| 100 | _aSwarupa Rani,S. | ||
| 245 |
_aA practical manual for B.Sc III year - botany : _cby S. Swarupa Rani [and] Sangita Mathur _bpaper III-IV / |
||
| 260 |
_aHyderabad _bStudentshelpline Publishing House _c2012 |
||
| 270 |
_a326/C, Surneni Nilayam, near B K Guda Park, S.R. Nagar, _bHyderabad _e500038 |
||
| 300 |
_avarious pagings : _c23cm(pbk) _bill. |
||
| 700 | _aMathur, Sangita | ||
| 942 |
_2ddc _cEN _mSWA _h581 |
||
| 999 |
_c77327 _d77327 |
||